Aranazhikaneram/ (Record no. 182049)

000 -LEADER
fixed length control field 00406nam a22001691a 4500
020 ## - INTERNATIONAL STANDARD BOOK NUMBER
ISBN 9788130011165
082 ## - DEWEY DECIMAL CLASSIFICATION NUMBER
Classification number M3
Item number PAR/A
100 ## - MAIN ENTRY--AUTHOR NAME
Personal name Parappurathu
245 ## - TITLE STATEMENT
Title Aranazhikaneram/
Statement of responsibility, etc by Parappurathu
250 ## - EDITION STATEMENT
Edition statement 6th.
260 ## - PUBLICATION, DISTRIBUTION, ETC. (IMPRINT)
Place of publication Kozhikode:
Name of publisher Poorna Publications,
Year of publication 2023.
300 ## - PHYSICAL DESCRIPTION
Number of Pages 268p.
650 ## - SUBJECT ADDED ENTRY--TOPICAL TERM
Topical Term Novel Malayalam
650 ## - SUBJECT ADDED ENTRY--TOPICAL TERM
Topical Term Literature Malayalam
650 ## - SUBJECT ADDED ENTRY--TOPICAL TERM
Topical Term Literature
942 ## - ADDED ENTRY ELEMENTS (KOHA)
Koha item type Book
Holdings
Withdrawn status Lost status Damaged status Not for loan Permanent Location Current Location Shelving location Date acquired Cost, normal purchase price Full call number Accession Number Price effective from Koha item type
        Sree Sankaracharya University of Sanskrit Sree Sankaracharya University of Sanskrit Stacks 04.06.2026 350.00 M3 PAR/A 109187 04.06.2026 Book